La pasión turca/ Antonio Gála (Registro nro. 2948)
[ vista simple ]
| 000 -CABECERA | |
|---|---|
| campo de control de longitud fija | 00592nam a2200229Ia 4500 |
| 003 - IDENTIFICADOR DEL NÚMERO DE CONTROL | |
| campo de control | DO-SdBJH |
| 005 - FECHA Y HORA DE LA ÚLTIMA TRANSACCIÓN | |
| campo de control | 20180428173220.0 |
| 008 - DATOS DE LONGITUD FIJA--INFORMACIÓN GENERAL | |
| campo de control de longitud fija | 180410s9999 dr 000 0 spa d |
| 020 ## - NÚMERO INTERNACIONAL ESTÁNDAR DEL LIBRO | |
| Número Internacional Estándar del Libro | 84-080025-1-1 |
| 040 ## - FUENTE DE LA CATALOGACIÓN | |
| Centro catalogador/agencia de origen | DO-SdBJH |
| Lengua de catalogación | spa |
| Centro/agencia transcriptor | DO-SdBJH |
| 041 ## - CÓDIGO DE LENGUA | |
| Código de lengua del sumario o resumen | spa |
| 082 ## - NÚMERO DE LA CLASIFICACIÓN DECIMAL DEWEY | |
| Número de clasificación | 863.64 G146p |
| 100 1# - ENTRADA PRINCIPAL--NOMBRE DE PERSONA | |
| Autor Personal | Gála, Antonio |
| 245 10 - MENCIÓN DE TÍTULO | |
| Título | La pasión turca/ Antonio Gála |
| 250 ## - MENCIÓN DE EDICIÓN | |
| Mención de edición | 26a. ed. |
| 260 ## - PUBLICACIÓN, DISTRIBUCIÓN, ETC. | |
| Lugar de publicación, distribución, etc. | Barcelona : Planeta, 1995 |
| 300 ## - DESCRIPCIÓN FÍSICA | |
| Extensión | 345 páginas |
| 650 #4 - PUNTO DE ACCESO ADICIONAL DE MATERIA--TÉRMINO DE MATERIA | |
| Término de materia o nombre geográfico como elemento de entrada | Novela Española |
| 942 ## - ELEMENTOS DE PUNTO DE ACCESO ADICIONAL (KOHA) | |
| Fuente del sistema de clasificación o colocación | Dewey Decimal Classification |
| Tipo de ítem Koha | Libros |
| Estado de retiro | Estado de pérdida | Fuente del sistema de clasificación o colocación | Estado dañado | No para préstamo | Código de colección | Localización permanente | Ubicación/localización actual | Ubicación en estantería | Número de inventario | Total de préstamos | Signatura topográfica completa | Código de barras | Fecha visto por última vez | Número de copia | Precio válido a partir de | Tipo de ítem Koha |
|---|---|---|---|---|---|---|---|---|---|---|---|---|---|---|---|---|
| Dewey Decimal Classification | Colección General | SIBM UNADE - Biblioteca Escuela Naval. Capitán de Navío Javier O. Polanco Sánchez, ARD | SIBM UNADE - Biblioteca Escuela Naval. Capitán de Navío Javier O. Polanco Sánchez, ARD | En estantería | 17-EARD-00462 | 863.64 G146p | 17-EARD-00462 | 04/28/2018 | Ej.1 | 04/28/2018 | Libros | |||||
| Dewey Decimal Classification | Colección General | SIBM UNADE - Biblioteca Escuela Naval. Capitán de Navío Javier O. Polanco Sánchez, ARD | SIBM UNADE - Biblioteca Escuela Naval. Capitán de Navío Javier O. Polanco Sánchez, ARD | En estantería | 17-EARD-00647 | 863.64 G146p | 17-EARD-00647 | 04/28/2018 | Ej.2 | 04/28/2018 | Libros |
